000
00269nam a2200097Ia 4500
008
240331s9999 xx 000 0 und d
082
_b
MAH
100
_a
Mahroof, M.M.M.
245
0
_a
Muslims of Kalutra district :
_b
history and cultural heritage- a brief survey
942
_c
L
999
_c
2019
_d
2019